| 000 | 00528cam a2200181ua 4500 | ||
|---|---|---|---|
| 020 |
_a81-86024-01-8 _cRs 275.00 |
||
| 041 |
_aeng _h |
||
| 082 |
_a631.587 095 4 _bBAG/IR |
||
| 100 | _aBagchi, Kathakali S . | ||
| 245 |
_aIrrigation in India : History and potentials fo social management / _cKathakali S Bagchi. _hTextual Documents |
||
| 250 |
_a1 / _b. |
||
| 260 |
_a : _bTrust for development initiatives , _c1995. |
||
| 300 | _a161 ; . | ||
| 365 | _aRs 275.00 | ||
| 504 | _a | ||
| 942 | _cBK | ||
| 999 |
_c358 _d358 |
||